Nghiên cứu những đặc tính quang học và ngọc học của Zircon tự nhiên Việt Nam dưới tác động của nhiệt và chiếu xạ : Luận văn tốt nghiệp cao học. Ngành Vật lý kỹ thuật

Luận văn giới thiệu về màu sắc zircon, tâm màu trong zircon-ngọc, đo phổ hấp thụ quang, đường cong nhiệt phát quang, phân tích mẫu bằng huỳnh quang tia X, tác dụng của luyện nhiệt và chiếu xạ nhân tạo đến màu sắc của zircon ngọc Việt Nam....

Disgrifiad llawn

Wedi'i Gadw mewn:
Manylion Llyfryddiaeth
Prif Awdur: Đặng, Thị Vớn
Fformat: Llyfr
Iaith:Undetermined
Cyhoeddwyd: Cần Thơ Trường Đại học Cần Thơ 2009
Pynciau:
Tagiau: Ychwanegu Tag
Dim Tagiau, Byddwch y cyntaf i dagio'r cofnod hwn!
Thư viện lưu trữ: Trung tâm Học liệu Trường Đại học Cần Thơ
LEADER 01263nam a2200217Ia 4500
001 CTU_152126
008 210402s9999 xx 000 0 und d
082 |a 530.41 
082 |b V464 
088 |a 60440103 
100 |a Đặng, Thị Vớn 
245 0 |a Nghiên cứu những đặc tính quang học và ngọc học của Zircon tự nhiên Việt Nam dưới tác động của nhiệt và chiếu xạ : 
245 0 |b Luận văn tốt nghiệp cao học. Ngành Vật lý kỹ thuật 
245 0 |c Đặng Thị Vớn; Nguyễn Nguyên Hy (cán bộ hướng dẫn) 
260 |a Cần Thơ 
260 |b Trường Đại học Cần Thơ 
260 |c 2009 
520 |a Luận văn giới thiệu về màu sắc zircon, tâm màu trong zircon-ngọc, đo phổ hấp thụ quang, đường cong nhiệt phát quang, phân tích mẫu bằng huỳnh quang tia X, tác dụng của luyện nhiệt và chiếu xạ nhân tạo đến màu sắc của zircon ngọc Việt Nam. 
650 |a Solid state physics,Vật lý chất rắn 
904 |i Năm, T. Dương 
980 |a Trung tâm Học liệu Trường Đại học Cần Thơ